| 000 | 00483nam a2200193Ia 4500 | ||
|---|---|---|---|
| 008 | 170918s9999 xx 000 0 und d | ||
| 020 | _a9780590303842 | ||
| 050 | _bB274 1978 | ||
| 100 | _aBarrett, Judi | ||
| 245 | _aCloud with a chance of meatballs / | ||
| 245 | _cJudi Barrett ; drawn by Ron Barrett. | ||
| 260 | _aNew York : | ||
| 260 | _bScholastic, | ||
| 260 | _c1978 | ||
| 300 | _aunpaged : | ||
| 300 | _bcolored illustration ; | ||
| 300 | _c22cm. | ||
| 500 | _a500 | ||
| 999 |
_c341715 _d341715 |
||